000 00294nam a22001217a 4500
008 170712b xxu||||| |||| 00| 0 eng d
041 _aeng
080 _a030
100 _a23
101 _aENC
245 _aTHE ENCYCLOPEDIA OF CHILD CARE AND GUIDANCE
_cGRUENBERG.S.M
942 _2udc
_cBK
999 _c20240
_d20240